Tilastot visalle Suomalaisten yritysten sloganit

Klikkaa tästä pelataksesi tätä visaa!

Yleistilastot

  • Tätä visaa on pelattu 1,282 kertaa
  • Keskiarvotulos 6 / 12

Vastaustilastot

Slogan Yritys % Correct
Äitien tekemää ruokaa.Saarioinen
94%
...:llä siivous sujuu.Sinituote
90%
Suomalainen voittaa aina.Veikkaus
69%
Sanokaa..., kun haluatte hyvää.Fazer
68%
Maalaa maailmasi.Tikkurila
65%
Illaksi kotiin.Finnair
63%
Yhteisellä matkalla.VR
54%
Huoltaa autoja ja ihmisiä.Teboil
38%
Mitä sinulle kuuluu?Tele Finland
34%
Hyvinvointia rakentamassa.Orion
33%
Etua elämään.OP-Pohjola
18%
Makusi mukaan.Hesburger
13%

Tulosjakauma

Persentiili vastausten määrän mukaan

Jokaisen tuloksen saaneiden osuus

Tuloshistoriasi

Et ole pelannut tätä visaa